000 01103nam a22002657a 4500
999 _c22576
_d22576
003 AR-CdUCM
008 190423b ||||| |||| 00| 0 spa d
020 _a9786124347443
040 _aMUNICIPALIDAD PROVINCIAL DEL CUSCO
_cBIBLIOTECA MUNICIPAL DEL CUSCO
041 _hspa
082 _aES/398.20985/G21
_bG21
100 _aGarayar, Carlos
_924901
245 _aMitos y leyendas del Perú :
_b24 historias mágicas /
_cCarlos Garayar, Jéssica Rodríguez ; ilustraciones de Eunice Espinoza
260 _aLima :
_bPanamericana Editorial,
_c2019.
300 _a162 páginas. :
_bilustraciones en color ;
_c28 cm.
500 _aMitos y leyendas del Perú : veinticuatro historias mágicas. Incluye en la ultima hoja QR para escuchar audios de algunas historias mágicas.
650 _aCuentos peruanos
_948550
650 _aCuentos folclóricos peruanos
_95451
650 _aLeyendas
_92226
650 _aTradición oral
_92031
700 _aRodríguez López, Jessica
_eilustrador
_948554
700 _aEspinoza Huamán, Eunice Betzabeth
_eilustrador
_948555
942 _2ddc
_cLIBROS
945 _arac